Reforma constitucional (Registro nro. 6893)
[ vista simple ]
| 000 -LEADER | |
|---|---|
| fixed length control field | 01301 a2200277 4500 |
| 001 - CONTROL NUMBER | |
| control field | 60183 |
| 005 - DATE AND TIME OF LATEST TRANSACTION | |
| control field | 20260407155853.0 |
| 008 - FIXED-LENGTH DATA ELEMENTS--GENERAL INFORMATION | |
| fixed length control field | 260407a1994 arg spa d |
| 003 - CONTROL NUMBER IDENTIFIER | |
| control field | AR-UNSa-BCEJYS |
| 040 ## - CATALOGING SOURCE | |
| Original cataloging agency | AR-UNSa-BCEJYS |
| Language of cataloging | spa |
| Transcribing agency | AR-UNSa-BCEJYS |
| 080 ## - UNIVERSAL DECIMAL CLASSIFICATION NUMBER | |
| Universal Decimal Classification number | 342.4 |
| Common auxiliary subdivision | Constituciones. Asambleas legislativas. Asambleas nacionales (Reforma...) |
| 020 ## - INTERNATIONAL STANDARD BOOK NUMBER | |
| International Standard Book Number | 950-9385-21-2 |
| 041 ## - LANGUAGE CODE | |
| Language code of text/sound track or separate title | spa |
| 100 1# - MAIN ENTRY--PERSONAL NAME | |
| Personal name | Ekmekdjian, Miguel Ángel |
| 245 10 - TITLE STATEMENT | |
| Title | Reforma constitucional |
| 264 #1 - PRODUCTION, PUBLICATION, DISTRIBUTION, MANUFACTURE, AND COPYRIGHT NOTICE | |
| Place of production, publication, distribution, manufacture | Buenos Aires : |
| Name of producer, publisher, distributor, manufacturer | Ediciones Ciudad Argentina |
| Date of production, publication, distribution, manufacture, or copyright notice | 1994 |
| 300 ## - PHYSICAL DESCRIPTION | |
| Extent | 191 p. |
| Dimensions | 20 cm. |
| 505 ## - FORMATTED CONTENTS NOTE | |
| Formatted contents note | 1. El Poder Ejecutivo y el gabinete ministerial / Miguel Ángel Ekmekdjian - 2. Los Decretos de Necesidad y Urgencia / Orlando Gallo - 3. El Poder Judicial en la reforma constitucional / Néstor Pedro Sagüés - 4. La reforma constitucional: más y mejor República / Roberto Dromi – 5. La autonomía municipal y el status de la Ciudad de Buenos Aires / Norberto Padilla – 6. El fortalecimiento federal / Antonio María Hernández – 7. La ley para la reforma / Ley 24309 |
| 590 ## - LOCAL NOTE (RLIN) | |
| Local note | niveau_biblio:m niveau_hierar:0 |
| 700 1# - ADDED ENTRY--PERSONAL NAME | |
| Personal name | Dromi, José Roberto |
| 700 1# - ADDED ENTRY--PERSONAL NAME | |
| Personal name | Gallo, Orlando |
| 700 1# - ADDED ENTRY--PERSONAL NAME | |
| Personal name | Padilla, Norberto |
| 700 1# - ADDED ENTRY--PERSONAL NAME | |
| Personal name | Sagüés, Néstor Pedro |
| 700 1# - ADDED ENTRY--PERSONAL NAME | |
| Personal name | Hernández, Antonio María |
| 942 ## - ADDED ENTRY ELEMENTS (KOHA) | |
| Koha item type | |
| Withdrawn status | Lost status | Damaged status | Not for loan | Home library | Current library | Shelving location | Date acquired | Total checkouts | Full call number | Barcode | Date last seen | Price effective from | Koha item type |
|---|---|---|---|---|---|---|---|---|---|---|---|---|---|
| Biblioteca Prof. Eusebio Cleto del Rey | Biblioteca Prof. Eusebio Cleto del Rey | 07/04/2026 | 342.4 R332 | L70191 | 07/04/2026 | 07/04/2026 | Libro | ||||||
| Biblioteca Prof. Eusebio Cleto del Rey | Biblioteca Prof. Eusebio Cleto del Rey | 07/04/2026 | 342.4 R332 | L70192 | 07/04/2026 | 07/04/2026 | Libro |